<?xml version="1.0" encoding="UTF-8"?><?xml-stylesheet type="text/xsl" href="static/style.xsl"?><OAI-PMH xmlns="http://www.openarchives.org/OAI/2.0/" xmlns:xsi="http://www.w3.org/2001/XMLSchema-instance" xsi:schemaLocation="http://www.openarchives.org/OAI/2.0/ http://www.openarchives.org/OAI/2.0/OAI-PMH.xsd"><responseDate>2026-04-18T07:36:17Z</responseDate><request verb="GetRecord" identifier="oai:www.recercat.cat:20.500.12327/4827" metadataPrefix="marc">https://recercat.cat/oai/request</request><GetRecord><record><header><identifier>oai:recercat.cat:20.500.12327/4827</identifier><datestamp>2025-11-09T14:38:50Z</datestamp><setSpec>com_2072_4428</setSpec><setSpec>com_2072_4427</setSpec><setSpec>col_2072_487898</setSpec></header><metadata><record xmlns="http://www.loc.gov/MARC21/slim" xmlns:dcterms="http://purl.org/dc/terms/" xmlns:xsi="http://www.w3.org/2001/XMLSchema-instance" xmlns:doc="http://www.lyncode.com/xoai" xsi:schemaLocation="http://www.loc.gov/MARC21/slim http://www.loc.gov/standards/marcxml/schema/MARC21slim.xsd">
   <leader>00925njm 22002777a 4500</leader>
   <datafield ind2=" " ind1=" " tag="042">
      <subfield code="a">dc</subfield>
   </datafield>
   <datafield ind2=" " ind1=" " tag="720">
      <subfield code="a">Athanassiou, Christos G.</subfield>
      <subfield code="e">author</subfield>
   </datafield>
   <datafield ind2=" " ind1=" " tag="720">
      <subfield code="a">Morrison, William R.</subfield>
      <subfield code="e">author</subfield>
   </datafield>
   <datafield ind2=" " ind1=" " tag="720">
      <subfield code="a">Steiskal, Vaclav</subfield>
      <subfield code="e">author</subfield>
   </datafield>
   <datafield ind2=" " ind1=" " tag="720">
      <subfield code="a">Riudavets, Jordi</subfield>
      <subfield code="e">author</subfield>
   </datafield>
   <datafield ind2=" " ind1=" " tag="260">
      <subfield code="c">2025-10-20</subfield>
   </datafield>
   <datafield ind2=" " ind1=" " tag="520">
      <subfield code="a">Cereals, pulses, dried fruits and other durable agricultural commodities are stored, usually for long periods, before being processed further for consumption. During storage they are frequently attacked by a range of insect pests causing significant quantitative and qualitative losses. In this context, conventional insecticides still remain the dominant pest-management approach for stored product insects. Failure to control insect infestations in the field, as well as in the warehouses themselves, can lead to extensive contamination of stored grain. Hence, establishing strategies for early diagnosis that are also aligned with internationally established regulatory and phytosanitary frameworks, and meet industrial demands is an absolute priority. Current insect monitoring methods at the post-harvest stages of durable agricultural commodities, despite their incontestable advantages, are met with several drawbacks, such as reduced detection sensitivity and increased cost, as well as the capacity for multi-species detection, a parameter that is not always desirable. Newer methods that have been developed during the last two decades, are able to provide both increased detection sensitivity and specificity, and the ability to interpret detection data, to further utilize them in decision-support tools. This review covers the current developments towards improved insect detection and estimation of their populations, based on a wide range of methods, from traditional sampling to e-trapping.</subfield>
   </datafield>
   <datafield ind1="8" ind2=" " tag="024">
      <subfield code="a">Athanassiou, Christos G., William R. Morrison, Vaclav Stejskal, and Jordi Riudavets. “Monitoring of Stored Product Insects and Decision Support Systems at the Post-harvest Stages of Durable Agricultural Commodities: A Review.” Entomologia Generalis 45, no. 4 (July 30, 2025): 991–1015. https://doi.org/10.1127/entomologia/2915.</subfield>
   </datafield>
   <datafield ind1="8" ind2=" " tag="024">
      <subfield code="a">0171-8177</subfield>
   </datafield>
   <datafield ind1="8" ind2=" " tag="024">
      <subfield code="a">http://hdl.handle.net/20.500.12327/4827</subfield>
   </datafield>
   <datafield ind1="8" ind2=" " tag="024">
      <subfield code="a">https://doi.org/10.1127/entomologia/2915</subfield>
   </datafield>
   <datafield ind2="0" ind1="0" tag="245">
      <subfield code="a">Monitoring of stored product insects and decision support systems at the post-harvest stages of durable agricultural commodities: a review</subfield>
   </datafield>
</record></metadata></record></GetRecord></OAI-PMH>